Development of an electroencephalogram (EEG) amplifier for a brain-computer interface (BCI) /Phang Yoke Mun.
Saved in:
| 主要作者: | |
|---|---|
| 格式: | Thesis 圖書 |
| 語言: | English |
| 出版: |
2006.
|
| 主題: | |
| 在線閱讀: | http://studentsrepo.um.edu.my/id/eprint/7492 |
| 標簽: |
添加標簽
沒有標簽, 成為第一個標記此記錄!
|
| LEADER | 01163cam a2200277 a 4500 | ||
|---|---|---|---|
| 001 | u736899 | ||
| 003 | SIRSI | ||
| 005 | 200704171439 | ||
| 008 | 070417s2006 my a t 000 0 eng | ||
| 040 | |a UMM |d UMJ | ||
| 090 | |a R856.4 |b UM 2006 Pha | ||
| 097 | |a R856.4 |b UM 2006 Pha | ||
| 100 | 1 | |a Phang, Yoke Mun | |
| 245 | 1 | 0 | |a Development of an electroencephalogram (EEG) amplifier for a brain-computer interface (BCI) /Phang Yoke Mun. |
| 260 | |c 2006. | ||
| 300 | |a vii, 62 leaves : |b ill. ; |c 30 cm. | ||
| 502 | |a Dissertation (M.Eng.Sc.) -- Jabatan Kejuruteraan Bioperubatan, Fakulti Kejuruteraan, Universiti Malaya, 2006. | ||
| 504 | |a Bibliography: leaves 60-62. | ||
| 650 | 0 | |a Electroencephalography |x Mathematical models. | |
| 650 | 0 | |a Brain-computer interfaces. | |
| 710 | 2 | |a Universiti Malaya. |b Jabatan Kejuruteraan Bioperubatan. | |
| 856 | 4 | 1 | |u http://studentsrepo.um.edu.my/id/eprint/7492 |
| 900 | |a HF | ||
| 596 | |a 1 7 | ||
| 999 | |a R856.4 UM 2006 PHA |w LC |c 1 |i A512899644 |d 26/11/2007 |f 26/11/2007 |g 1 |l STACKS |m P01UTAMA |r Y |s Y |t TESIS |u 26/11/2007 | ||
| 999 | |a R856.4 UM 2006 PHA |w LC |c 1 |i A513003840 |d 18/8/2008 |f 18/8/2008 |g 1 |l STACKS |m P07JURUTER |r Y |s Y |t TESIS |u 15/8/2008 | ||
